[Event "Mendoza Bermejo Memorial"]
[Site "Mendoza"]
[Date "2023.05.18"]
[Round "1"]
[White "Hernandez Guerrero, Gilberto Eduardo"]
[Black "Sanchez Laplace, Santiago"]
[Result "1-0"]
[WhiteElo "2533"]
[BlackElo "1589"]
[PlyCount "71"]
[EventDate "2023.05.18"]
[EventType "swiss"]
[EventRounds "7"]
[EventCountry "ARG"]
[SourceTitle "CBM 214 Extra"]
[Source "ChessBase"]
[SourceDate "2023.07.31"]
[SourceVersion "1"]
[SourceVersionDate "2023.07.31"]
[SourceQuality "1"]

1. e4 c5 2. Nc3 d6 3. f4 Nc6 4. Nf3 g6 5. Bb5 Bd7 6. 0-0 Bg7 7. d3 a6 8. Bxc6 Bxc6 9. Qe1 b5 10. Kh1 b4 11. Nd1 Nf6 12. a3 a5 13. Ne3 0-0 14. f5 e6 15. fxe6 fxe6 16. Ng5 Qe7 17. Nc4 h6 18. Nf3 Ne8 19. Bd2 g5 20. Qg3 bxa3 21. Rxa3 a4 22. Raa1 Bb5 23. e5 Bxc4 24. dxc4 dxe5 25. Nxe5 Nd6 26. Rfe1 Bxe5 27. Rxe5 Qf6 28. Qe1 Nxc4 29. Rxe6 Qf2 30. Bc3 Qxe1+ 31. Raxe1 Kh7 32. Re7+ Kg6 33. g4 Ne5 34. R1xe5 Ra6 35. Rf5 Rxf5 36. Rg7# 1-0